Buteurs Chelsea LDC 2020/2021 - Statistiques

Statistiques générales
  • Ce quiz a été pris 128 fois
  • Le résultat moyen est 6 sur 11
Statistiques - réponses
Nombre but Buteurs % Correct
1 Kai Havertz
94%
2 Mason Mount
77%
4 Timo Werner
76%
6 Olivier Giroud
74%
1 Jorginho
64%
2 Christian Pulisic
62%
1 Ben Chilwell
50%
1 Tammy Abraham
39%
2 Hakim Ziyech
33%
2 Callum Hudson-Odoi
21%
1 Emerson
17%
Aucun quiz correspondant
Distribution des résultats
% des personnes avec chaque résultat
Percentile par nombre de réponses
Votre historique - résultats
Vous n’avez pas pris ce quiz